Normal view
MARC view
- الاستثمار - البنك الاسلامي - الاردن
Entry Topical Term
001 - CONTROL NUMBER
- control field: 58768
003 - CONTROL NUMBER IDENTIFIER
- control field: JO-AjAnu
005 - DATE AND TIME OF LATEST TRANSACTION
- control field: 20230606083620.0
008 - FIXED-LENGTH DATA ELEMENTS
- fixed length control field: 230606|| aca||aabn | a|a d
040 ## - CATALOGING SOURCE
- Original cataloging agency: JO-AjAnu
- Transcribing agency: JO-AjAnu
150 ## - HEADING--TOPICAL TERM
- Topical term or geographic name entry element: الاستثمار - البنك الاسلامي - الاردن
670 ## - SOURCE DATA FOUND
- Source citation: Work cat.: (JO-AjAnu)29977: اعداد المومني، ايمان عدنان؛ اشراف اسامة العاني, author 58767, امكانية انشاء صندوق وقفي استثماري في البتك الاسلامي: دراسة مقارنة على البتك الاسلامي الاردني = The Posibilitiy Of Establishment an Endowment (WAQF) Fund in Islamic Bank: An Empirical Study in Jordan Islamic Bank